000 03660cam a22006854i 4500
003 PE-LiUPU
005 20250731165612.0
008 140720 2011 pe ad f 1 spa d
020 _a9786124519208
035 _a(Sirsi) i9786124519208
035 _a(Sirsi) 46609
035 _a(Sirsi) 46609
040 _aPE-LiUPU
_bspa
_cPE-LiUPU
_erda
041 _aes
044 _ape
082 0 4 _a001.42
_bC13
100 1 _aCaballero Romero, Alejandro.
245 _aMetodología integral innovadora para planes y tesis /
_calejandro E. Caballero Romero.
264 1 _aLima :
_bInstituto Metodolíco Alen Caro El Comercio,
_c2011.
300 _a623 páginas :
_bilustraciones ;
_c23 cm
336 _atext
_bntxt
_2rdacontent
337 _aunmediated
_bn
_2rdamedia
338 _avolume
_bnc
_2rdacarrier
505 0 _aFundamentos epistemológicos, lógicos y metodológicos. La realidad. Las relaciones entre ciencia ya establecida, investigación y el hacer ciencia. La investigación científica. Las funciones del pensar y la investigación científica. Conoce
526 _aSEG44
526 _aSEG26
526 _aP151
526 _aP150
526 _aP149
526 _aP146
526 _aP145
526 _aP126
526 _aP125
526 _aP92
526 _aP75
526 _aP74
526 _aP27
526 _aP15
650 1 4 _aTesis
_xMetodología
942 _2ddc
_cBOOK
949 _a001.42 C13
_i64179
_lCCODEBUL1
_mBUL
_tLIBRO
_o.STAFF. Colección General
949 _a001.42 C13
_i64538
_lCCODEBUL1
_mBUL
_tLIBRO
_o.STAFF. Colección General
949 _a001.42 C13
_i64539
_lCCODEBUL1
_mBUL
_tLIBRO
_o.STAFF. Colección General
949 _a001.42 C13
_i70189
_lCCODEBUL1
_mBUL
_tLIBRO
_o.STAFF. Colección General
859 _q64179
_h001.42
_iC13
910 _agl
_bjv
_clch
_d20140720
949 _a001.42 C13 2011
_wDEWEY
_c1
_iFJ00690
_lCCODEBUJ1
_mBUJ
_p42.00
_r0
_sY
_tBOOK
_u2014-07-20
_xFIA
_PP27
_o.STAFF -- Colección General Juliaca
949 _a001.42 C13 2011
_wDEWEY
_c2
_iFJ00691
_lCCODEBUJ1
_mBUJ
_p42.00
_r0
_sY
_tBOOK
_u2014-07-20
_xFIA
_PP27
_o.STAFF -- Colección General Juliaca
596 _a1 3
999 _a001.42 C13
_wDEWEY
_c53007
_i64179
_d53007
_e2017-6-26
_f2021-11-4
_g6
_lCCODEBUL1
_mBUL
_n1
_p33.00
_q2
_r0
_sY
_tBOOK
_u2015-7-6
_xBIBLIOTECA
_PP04
_0COMPRA
_o.STAFF. Colección General
999 _a001.42 C13
_wDEWEY
_c2
_i64538
_d2017-2-11
_f2021-11-4
_g7
_lCCODEBUL1
_mBUL
_p46.00
_q1
_r0
_sY
_tBOOK
_u2015-7-6
_xBIBLIOTECA
_PP27
_0COMPRA
_o.STAFF. Colección General
999 _a001.42 C13
_wDEWEY
_c3
_i64539
_d2017-2-11
_e2016-3-29
_f2021-11-4
_g7
_lCCODEBUL1
_mBUL
_n1
_p46.00
_q1
_r0
_sY
_tBOOK
_u2015-7-6
_xBIBLIOTECA
_PP27
_0COMPRA
_o.STAFF. Colección General
999 _a001.42 C13
_wDEWEY
_c4
_i70189
_d2018-11-25
_e2016-9-26
_f2021-11-4
_g7
_lCCODEBUL1
_mBUL
_n2
_p42.00
_q3
_r0
_sY
_tBOOK
_u2015-7-23
_xBIBLIOTECA
_PP24
_0COMPRA
_o.STAFF. Colección General
999 _a001.42 C13
_wDEWEY
_c5
_i70757
_d2018-11-26
_f2021-11-4
_g7
_lCCODEBUL1
_mBUL
_p33.00
_q4
_r0
_sY
_tBOOK
_u2016-9-14
_xBIBLIOTECA
_PP25
_0COMPRA
_o.STAFF. Colección Fia
999 _a001.42 C13 2011
_wDEWEY
_c1
_iFJ00690
_d2018-8-15
_e2018-8-13
_f2021-12-27
_g8
_lCCODEBUJ1
_mBUJ
_n4
_p33.00
_q1
_r0
_sY
_tBOOK
_u2016-7-6
_xINGENIERIA
_PP25
_0COMPRA
_o.STAFF. Colección General Juliaca
999 _a001.42 C13 2011
_wDEWEY
_c2
_iFJ00691
_lCCODEBUJ1
_mBUJ
_p33.00
_r0
_sY
_tBOOK
_u2016-7-6
_xINGENIERIA
_PP25
_0COMPRA
_o.STAFF. Colección General Juliaca
980 _81
_gALBERTO SANCHEZ Responsable de Automatización